| 000 | 00492nam a22001817a 4500 | ||
|---|---|---|---|
| 003 | CEME | ||
| 005 | 20210628202504.0 | ||
| 008 | 210121b xxu||||| |||| 00| 0 eng d | ||
| 020 | _a81-309-0096-3 | ||
| 040 | _c. | ||
| 082 | _a658.314 MEH | ||
| 100 |
_aMehrotra , Vivek _960119 |
||
| 245 | _aWhy my horse doesn't drink ,learn to motive people around you | ||
| 260 |
_aNEW DELHI _bVIVA BOOKS _c2005 |
||
| 300 | _a161 P | ||
| 650 |
_aMOTIVATION.MOTIVATING PEOPLE _960120 |
||
| 942 |
_cBK _2ddc |
||
| 999 |
_c569932 _d569932 |
||